[Event "EU-ch Online U2300 Qual"]
[Site "Chess.com INT"]
[Date "2020.05.25"]
[Round "2"]
[White "Hadzimanolis, Antonios"]
[Black "Junge, Kai"]
[Result "1-0"]
[WhiteElo "2214"]
[BlackElo "2181"]
[PlyCount "87"]
[EventDate "2020.05.25"]
[EventType "swiss"]
[EventRounds "8"]
[EventCountry "NET"]
[SourceTitle "EXT 2021"]
[Source "ChessBase"]
[SourceDate "2020.10.23"]
[SourceVersion "1"]
[SourceVersionDate "2020.10.23"]
[SourceQuality "1"]

1. e4 Nf6 2. e5 Nd5 3. Nc3 Nxc3 4. bxc3 d5 5. d4 Bf5 6. Rb1 b6 7. Nf3 e6 8. Bd3 Bg6 9. 0-0 Be7 10. c4 Bxd3 11. Qxd3 c6 12. Be3 0-0 13. Rfe1 Nd7 14. g3 Rc8 15. h4 h6 16. Kg2 Nb8 17. Rb3 c5 18. dxc5 dxc4 19. Qxd8 Rfxd8 20. Ra3 b5 21. Rxa7 Bxc5 22. Rb7 Bxe3 23. Rxe3 Rd5 24. c3 Nc6 25. Re4 Nd8 26. Rb6 Nc6 27. a4 Na7 28. Rb7 Ra8 29. axb5 Rxb5 30. Rxb5 Nxb5 31. Rxc4 Ra2 32. Rc8+ Kh7 33. Rc5 Na7 34. h5 Rc2 35. Nd4 Rc1 36. Rc7 Ra1 37. Rxf7 Nc8 38. Nxe6 Nb6 39. Rxg7+ Kh8 40. Rg6 Nd5 41. Rxh6+ Kg8 42. Rg6+ Kh8 43. Ng5 Ra2 44. h6 1-0